000 00299nam a22001337a 4500
008 170406b xxu||||| |||| 00| 0 eng d
020 _a9781555812621
041 _aeng
080 _a575
100 _a9
101 _aSHM
245 _aORAL MICROBIOLOGY AND IMUNOLOGY
_cLAMONT.R.J
942 _2udc
_cBK
999 _c9973
_d9973